[Event "Paris-ch IdF"]
[Site "Paris"]
[Date "2022.07.16"]
[Round "7"]
[White "Bouget, Alexandre"]
[Black "Robert, Mathias"]
[Result "0-1"]
[WhiteElo "2282"]
[BlackElo "2243"]
[PlyCount "58"]
[EventDate "2022.07.12"]
[EventType "swiss"]
[EventRounds "9"]
[EventCountry "FRA"]
[SourceTitle "CBM 209 Extra"]
[Source "ChessBase"]
[SourceDate "2022.09.30"]
[SourceVersion "1"]
[SourceVersionDate "2022.09.30"]
[SourceQuality "1"]

1. d4 Nf6 2. c4 g6 3. Nc3 Bg7 4. e4 d6 5. Be2 0-0 6. Nf3 e5 7. d5 a5 8. Bg5 h6 9. Be3 Ng4 10. Bd2 f5 11. h3 Nf6 12. exf5 gxf5 13. Qc1 f4 14. g3 e4 15. Nh4 e3 16. fxe3 fxg3 17. Ng6 Re8 18. 0-0 Nbd7 19. Kg2 Nc5 20. e4 Nfxe4 21. Nxe4 Rxe4 22. Bf3 Bf5 23. Nf4 Nd3 24. Nxd3 Bxh3+ 25. Kg1 Bd4+ 26. Nf2 Qh4 27. Bg5 gxf2+ 28. Kh1 Bxf1+ 29. Bxh4 Rxh4# 0-1

[Event "Paris-ch IdF"]
[Site "Paris"]
[Date "2022.07.14"]
[Round "3"]
[White "Nottola, Adrien"]
[Black "Robert, Mathias"]
[Result "0-1"]
[WhiteElo "2275"]
[BlackElo "2243"]
[PlyCount "110"]
[EventDate "2022.07.12"]
[EventType "swiss"]
[EventRounds "9"]
[EventCountry "FRA"]
[SourceTitle "CBM 209 Extra"]
[Source "ChessBase"]
[SourceDate "2022.09.30"]
[SourceVersion "1"]
[SourceVersionDate "2022.09.30"]
[SourceQuality "1"]

1. e4 c5 2. Nf3 Nc6 3. d4 cxd4 4. Nxd4 e5 5. Nb5 d6 6. c4 Be7 7. N5c3 Nf6 8. Bd3 0-0 9. 0-0 Nd7 10. Nd5 Bg5 11. Nbc3 Nc5 12. b4 Ne6 13. Be3 Nf4 14. Qd2 f5 15. f3 Bh6 16. exf5 Bxf5 17. Be4 Kh8 18. Kh1 Nxd5 19. Nxd5 Bxe4 20. fxe4 Bxe3 21. Nxe3 Nd4 22. Rxf8+ Qxf8 23. Rf1 Qg8 24. Qf2 Rc8 25. h3 Ne6 26. Qd2 Nd4 27. Qf2 Ne6 28. Nf5 Qf8 29. Qxa7 g6 30. Ne3 Qg7 31. Nd5 h5 32. a4 Nf4 33. Nxf4 exf4 34. c5 dxc5 35. bxc5 g5 36. Qb6 g4 37. Rxf4 gxh3 38. gxh3 Rc6 39. Qd8+ Kh7 40. Qd5 Qa1+ 41. Kh2 Qb2+ 42. Kg3 Qc3+ 43. Rf3 Qe1+ 44. Kf4 Rf6+ 45. Kg5 Rxf3 46. Qxb7+ Kg8 47. Qc8+ Kg7 48. Qd7+ Rf7 49. Qd4+ Kh7 50. Kxh5 Qg3 51. Qd6 Qf3+ 52. Kg5 Rg7+ 53. Kh4 Qf2+ 54. Kh5 Qe2+ 55. Kh4 Qxe4+ 0-1

[Event "FRA-ch U20"]
[Site "Agen"]
[Date "2022.04.20"]
[Round "5"]
[White "Lucas, Arthur"]
[Black "Robert, Mathias"]
[Result "1/2-1/2"]
[WhiteElo "2318"]
[BlackElo "2231"]
[PlyCount "94"]
[EventDate "2022.04.16"]
[EventType "swiss"]
[EventRounds "9"]
[EventCountry "FRA"]
[SourceTitle "EXT 2023"]
[Source "ChessBase"]
[SourceDate "2022.10.05"]
[SourceVersion "1"]
[SourceVersionDate "2022.10.05"]
[SourceQuality "1"]

1. e4 c5 2. Nf3 d6 3. d4 cxd4 4. Qxd4 Nc6 5. Qe3 g6 6. Be2 Bg7 7. h3 Bd7 8. 0-0 Nf6 9. c4 0-0 10. Nc3 a6 11. Rb1 a5 12. b3 Nh5 13. Ng5 h6 14. Bxh5 hxg5 15. Be2 Bd4 16. Qd3 f6 17. Nb5 Be5 18. a3 Kg7 19. Rd1 Be6 20. g3 Rh8 21. Bg4 Qc8 22. Bxe6 Qxe6 23. g4 Raf8 24. Kg2 f5 25. Bxg5 fxg4 26. h4 Rf3 27. Qd5 Qc8 28. Qd2 Kh7 29. h5 Rhf8 30. Bh4 Bf4 31. hxg6+ Kxg6 32. Qd5 Rh3 33. Rh1 Rh8 34. Bg3 Bxg3 35. fxg3 Qf8 36. Qe6+ Kg5 37. Rbf1 Rh2+ 38. Rxh2 Rxh2+ 39. Kxh2 Qxf1 40. Qg8+ Kh6 41. Qh8+ Kg6 42. Qg8+ Kh6 43. Qxg4 Qf2+ 44. Kh1 Qf1+ 45. Kh2 Qf2+ 46. Kh1 Qf1+ 47. Kh2 Qf2+ 1/2-1/2

[Event "Agneaux St Lo op 17th"]
[Site "Agneaux"]
[Date "2016.07.08"]
[Round "2.2"]
[White "Robert, Mathias"]
[Black "Stets, Dmitry"]
[Result "0-1"]
[WhiteElo "2002"]
[BlackElo "2416"]
[PlyCount "50"]
[EventDate "2016.07.07"]
[EventType "swiss"]
[EventRounds "9"]
[EventCountry "FRA"]
[SourceTitle "EXT 2020"]
[Source "ChessBase"]
[SourceDate "2019.10.17"]
[SourceVersion "1"]
[SourceVersionDate "2019.10.17"]
[SourceQuality "1"]

1. e4 c5 2. Nf3 Nc6 3. d4 cxd4 4. Nxd4 g6 5. Nc3 Bg7 6. Be3 Nf6 7. Bc4 0-0 8. Bb3 d6 9. f3 Bd7 10. Qd2 Nxd4 11. Bxd4 b5 12. Nd5 Nxd5 13. Bxg7 Kxg7 14. exd5 a5 15. c3 Qc7 16. h4 a4 17. Bc2 a3 18. Bd3 axb2 19. Qxb2 Qc5 20. c4+ f6 21. cxb5 Ra3 22. Be2 Rb8 23. Rc1 Qe3 24. Kd1 Bxb5 25. Ra1 Ba4+ 0-1

[Event "FRA-chT U20 Top"]
[Site "Bischwiller"]
[Date "2016.05.15"]
[Round "3"]
[White "Cohen Revivo, Shoham"]
[Black "Robert, Mathias"]
[Result "1-0"]
[WhiteElo "2163"]
[BlackElo "1986"]
[PlyCount "65"]
[EventDate "2016.05.14"]
[EventType "tourn"]
[EventRounds "11"]
[EventCountry "FRA"]
[SourceTitle "EXT 2019"]
[Source "ChessBase"]
[SourceDate "2018.10.10"]
[SourceVersion "1"]
[SourceVersionDate "2018.10.10"]
[SourceQuality "1"]

1. e4 c5 2. b3 Nc6 3. Bb2 e6 4. f4 d5 5. e5 Nge7 6. Nf3 Nf5 7. Bd3 Be7 8. 0-0 0-0 9. Bxf5 exf5 10. d4 b6 11. Nc3 cxd4 12. Ne2 Be6 13. Nexd4 Rc8 14. Kh1 Qc7 15. Nxc6 Qxc6 16. Nd4 Qc7 17. g4 Bc5 18. Rc1 g6 19. g5 Qe7 20. Qe1 Rc7 21. Rf3 Rfc8 22. Qf2 a6 23. Rh3 b5 24. Rh6 Qf8 25. h4 Qg7 26. h5 Bf8 27. hxg6 hxg6 28. Qh4 Bc5 29. Nxe6 fxe6 30. Kg2 Bb6 31. c3 b4 32. Rh1 bxc3 33. Bc1 1-0

[Event "FRA-chT U16"]
[Site "Dieppe"]
[Date "2015.??.??"]
[Round "?"]
[White "Robert, Mathias"]
[Black "Decuigniere, Tom"]
[Result "1/2-1/2"]
[WhiteElo "1662"]
[BlackElo "1548"]
[PlyCount "32"]
[EventDate "2015.05.??"]
[EventType "team-tourn"]
[EventRounds "6"]
[EventCountry "FRA"]
[SourceTitle "EXT 2016"]
[Source "ChessBase"]
[SourceDate "2015.10.08"]
[SourceVersion "1"]
[SourceVersionDate "2015.10.08"]
[SourceQuality "1"]

1. e4 c5 2. Nf3 Nc6 3. d4 cxd4 4. Nxd4 g6 5. Nc3 Bg7 6. Be3 Nf6 7. Be2 0-0 8. 0-0 d6 9. Qd2 Bd7 10. Rad1 Ng4 11. Bxg4 Bxg4 12. f3 Bd7 13. Nce2 Qc8 14. f4 Be6 15. c3 Kh8 16. Ng3 f5 1/2-1/2